000 00230nam a22000857a 4500
008 170112b xxu||||| |||| 00| 0 eng d
100 _92358
_aAggarwal.K.etal.
245 _aTogether with Mathematics-IX
260 _aNew Delhi
_bRachna
_c2010
999 _c5329
_d5329